Teenage Mutant Ninja Turtles Trivia - Statistics

General Stats
  • This quiz has been taken 2,165 times
  • The average score is 13 of 16
Answer Stats
Hint Answer % Correct
Leader of the turtles Leonardo
96%
Loves TV and junk food, the wild one of the turtle group michelangelo
95%
The turtle's hot headed member, known as the "muscle" of the group raphael
94%
Hamoto Yoshi is better known as? splinter
93%
Brainiac/inventor of the turtle group donatello
90%
Turtle's best friend/news anchor april o'neil
84%
Oroku Saki uses what alias? shredder
84%
minions of The Shredder foot clan
80%
Michelangelo's weapon of choice nunchaukus
79%
Donatello's weapon of choice bo staff
78%
Leonardo's weapon of choice katana
78%
Hockey masked vigilante who dishes out punishment to bad-guys using a wide variety of sport's based equipment such as: baseball bats and hockey sticks casey jones
77%
Raphael's weapon of choice sai
69%
Half human, half rhino street thug who works for The Shredder rocksteady
67%
Multi-tentacled brain-creature who pilots a humanoid robot kraang
66%
Half human, half warthog street thug who works for The Shredder bebop
64%
No matching quizzes found
Score Distribution
Percent of People with Each Score
Percentile by Number Answered
Your Score History
You have not taken this quiz